| 000 | 00913nam a22002417a 4500 | ||
|---|---|---|---|
| 999 |
_c15795 _d15795 |
||
| 003 | MIRAKIL | ||
| 005 | 20240326122453.0 | ||
| 008 | 240326b tu ||||| |||| 00| 0 tur d | ||
| 020 | _a9789751633477 | ||
| 040 |
_aTR-AnCHP _cTR-AnCHP |
||
| 041 | _atur | ||
| 082 |
_a417.6 _bG94y 2017 |
||
| 100 | _aGülsevin, Gürer | ||
| 245 | 1 | 0 |
_aXVII. yüzyıl Batı Rumeli Türkçesi ağızları / _cGürer Gülsevin. |
| 246 | _aYaşayan Türkiye Türkçesi ağızlarının tarihî dönemlerini belirleyebilmek için bir yöntem denemesi örneği | ||
| 260 |
_aAnkara : _bTürk Dil Kurumu, _c2017 |
||
| 300 |
_a202 s. ; _c24 cm. |
||
| 490 | 0 |
_aAtatürk Kültür, Dil ve Tarih Yüksek Kurumu Türk Dil Kurumu yayınları ; _v1231. |
|
| 504 | _aKaynakça: 197-202. ss. | ||
| 650 | 0 |
_97753 _aAğızlar |
|
| 856 | _zDijital Nüshası için Partimizin Kütüphane Sorumlusu ile iletişime geçiniz. | ||
| 942 |
_2ddc _cBKS |
||